Представление документа в формате MARC21

ПолеНазваниеЗначение
  Тип записи a
  Библиографический уровень m
001 Контрольный номер RU/URAIT/590276
005 Дата корректировки 20260429163606.9
008 Кодируемые данные 260429s2026 RU y f j 000 0 rus u
020 Индекс ISBN __
a ISBN 978-5-534-19305-3
c Цена, тираж 629.00
040 Источник каталогиз. __
a Служба первич. каталог. ИКО Юрайт
c Служба, преобразующая запись ИКО Юрайт
e Правила каталог. RCR
041 Код языка издания __
a Код языка текста rus
044 Код страны публикации __
a Код страны публикации RU
080 Индекс УДК __
a Индекс УДК 621.7/.9:004.94(075.8)
084 Индекс другой классификации/Индекс ББК __
2 Источник индекса rubbk
a Индекс другой классификации/Индекс ББК 32.972я73
100 Автор __
a Автор Миловзоров О. В.
q Полное имя Миловзоров Олег Владимирович
245 Заглавие __
a Заглавие Разработка управляющих программ станков с ЧПУ
b Продолж. заглавия учебник для вузов
c Ответственность О. В. Миловзоров, Н. В. Грибов ; под общей редакцией О. В. Миловзорова.
256 Характеристики компьютерного файла __
a Характеристики компьютерного файла Электрон. дан.
260 Выходные данные __
a Место издания Москва
b Издательство Юрайт
c Дата издания 2026
300 Физическое описание __
a Объем 109 с
440 Серия __
a Серия Высшее образование
500 Примечания __
a Примечание URL: https://urait.ru/bcode/590276 (дата обращения: 29.04.2026).
520 Аннотация __
a Аннотация Учебник для подготовки инженеров машиностроительного производства. Является продолжением учебника «Технология машиностроения» этих же авторов. Здесь даются понятия, раскрываются принципы разработки технологической документации на основе современных систем автоматизированного проектирования (САПР). На основе конкретных примеров описывается процесс разработки маршрутно-операционных технологических процессов с оформлением комплекта технологических карт и разработки управляющих программ для станков с ЧПУ. Книга позволит молодому специалисту в кратчайшие сроки включиться в процесс производства современного машиностроительного предприятия, начиная от чтения чертежа до изготовления деталей на станках с ЧПУ.
538 Прим. о системных особенностях __
a Прим. о системных особенностях Режим доступа: Электронно-библиотечная система Юрайт, для авториз. пользователей
653 Ключевые слова __
a Ключевые слова Машины, машиностроение и приборостроение
653 Ключевые слова __
a Ключевые слова Технические науки
653 Ключевые слова __
a Ключевые слова Программирование технологических процессов и практическое использование программ при работе на станках с ЧПУ
653 Ключевые слова __
a Ключевые слова Программирование обработки деталей на станках с ЧПУ
653 Ключевые слова __
a Ключевые слова Программирование и наладка станков с ЧПУ
653 Ключевые слова __
a Ключевые слова Подготовка управляющих программ для станков с ЧПУ
700 Другие авторы __
a Другие авторы Грибов Н. В.
q Полное имя Грибов Николай Владимирович
856 Электронный адрес документа 40
n Местонахождение сервера Юрайт
g Электронная книга
q Тип электронного формата html
h Имя пользователя ЮРАЙТ
v Часы доступа к ресурсу 20271231
2 Способ доступа Показать документ
x Служебное примечание https://urait.ru/book/cover/230BF20A-ABED-4087-A3EF-692E6E031563
u URL https://urait.ru/bcode/590276
856 Электронный адрес документа 48
q Тип электронного формата cover
u URL https://urait.ru/book/cover/230BF20A-ABED-4087-A3EF-692E6E031563
911 __
u 0030=https://urait.ru/bcode/590276
911 __
u 073a=9785534193053
u 073d=629.00
911 __
u 106a=s
911 __
u 900l=
952 Тип литературы __
i Дисциплина Программирование технологических процессов и практическое использование программ при работе на станках с ЧПУ
952 Тип литературы __
i Дисциплина Программирование обработки деталей на станках с ЧПУ
952 Тип литературы __
i Дисциплина Программирование и наладка станков с ЧПУ
952 Тип литературы __
i Дисциплина Подготовка управляющих программ для станков с ЧПУ